Statistics for Unrelated Trivia

Click here to take the quiz!

General Stats

  • This quiz has been taken 9 times
  • The average score is 5 of 15

Answer Stats

HintAnswer% Correct
Largest country in Africa by areaAlgeria
88%
The French-owned Réunion Island is in this oceanIndian
75%
Birthplace of ShakespeareStratford-upon-Avon
75%
The capital of OmanMuscat
63%
Scooby-Doo's nephewScrappy-Doo
63%
Grunge music originated in this citySeattle
63%
This team lost the 2019 World Series to the NationalsAstros
25%
This metal singer appeared on a Post Malone songOzzy Osbourne
25%
14th state of the USAVermont
25%
Most popular boy's name in 2000Jacob
13%
The first non-avian dinosaur discoveredMegalosaurus
13%
This song was #1 on the Billboard Year-End Hot 100 singles of 2005We Belong Together
13%
Most residents abandoned this Pennsylvania borough because of a coal mine fireCentralia
0%
This popular drink in hip-hop culture contains Sprite, cough syrup and Jolly RanchersLean
0%
The first CEO of a Fortune 500 company to publicly come out as gayTim Cook
0%

Score Distribution

Percentile by Number Answered

Percent of People with Each Score

Your Score History

You have not taken this quiz